000 00460nam a22001937a 4500
003 MPLRDC
005 20220104113902.0
008 210129b ||||| |||| 00| 0 eng d
020 _a962-451-093-8
082 _a848.2 ZMJ c.2
100 _a张曼娟著
245 _a海水正蓝
_c
250 _a初版一刷
260 _a
_b皇冠出版社
_c1992
300 _b
490 _a皇冠丛书;2031
650 _a现代别集
942 _cBK
_o848.2 ZMJ c.2
999 _c3128
_d3118